1094 1878 1572 1209 1587 1602 1442 1778 1981 1105 1504 1062 1892 1096 1312 1630 1322 1517 1064 1862 1152 1214 1077 1456 1743 1148 1692 1846 1963 1242 1810 1682 1379 1025 1925 1095 1351 1671 1301 1487 1688 1291 1846 1962 1079 1082 1075 1020 1963 1899 1934 1964 1303 1714 1762 1648 1837 1829 1076 1490 1996 1044 1337 1526 1111 1186 1418 1329 1785 1325 1244 1997 1912 1763 1617 1144 1826 1683 1253 1462 1634 1409 1799 1774 1782 1130 1071 1105 1953 1972 1121 1181 1305 1109 1073 1924 1219 1761 1071 BCNSPRNW ULIB Ver.6.0+V

เปลี่ยนเป็นภาษาไทย

Change to English
 แสดงรายละเอียดบรรณานุกรม
  กลับหน้าหลัก

Brief Record : Get Marc (ISO 2709) : E-mail record : QR code < ปิดหน้าต่าง
LEADER : 00000nam 2200000uu 4500
001    13399127448
003     ULIB
008    200525s2020||||th 000 0 tha d
020    ^a9780323551281 (pbk.)
060 04 ^aQV748^bO34c
100 1  ^aOgden, Sheila J.,
245 10 ^aCalculation of drug dosages :^ba work text /^cSheila J.Ogden, Linda K. Fluharty
250    ^a11th ed.
260    ^aSt. Louis, Mo. :^bMosby/Elsevier,^c2020
300    ^axx, 615 p. :^bill. (some col.) ;^c28 cm.
504    ^aIncludes bibliographical references and index
650  0 ^aPharmaceutical arithmetic^xProgrammed instruction
650  0 ^aDrugs^xDosage^xProgrammed instruction
650  2 ^aPharmaceutical Preparations^xadministration & dosage^vProblems and Exercises
650  2 ^aDrug Dosage Calculations^vProblems and Exercises
700 1  ^aFluharty, Linda K.
945    ^p0^l0^i28329
999    ^aกัณชพร จุลอักษร
รายการนี้ยังไม่มีแท็ก
คุณยังไม่ได้ล็อกอิน คุณสามารถมีกิจกรรมร่วมกับเว็บไซต์ได้ แต่ต้องล็อกอินก่อน ::
  ล็อกอิน

รายการสื่อสารสนเทศ

ลำดับที่ ประเภท เลขเรียก/บาร์โค้ด สถานที่ สถานะ
1. หนังสือสำรอง
หนังสือสำรอง
QV748 O34c ฉ.1 
  Barcode: 28329
ห้องสมุดวิทยาเขตนครสวรรค์
►หนังสือทั่วไป:l:General Books
บนชั้น

รายการใกล้เคียง
    ผู้แต่ง [Ogden, Sheila J.,]

BibComment


ยังไม่เคยถูกคอมเมนท์

คอมเมนท์ทรัพยากรรายการนี้
  คอมเมนท์: Calculation of d..


 Copyright 2026. Bcnsprnw @Library